[Event "Cappelle op 03rd"]
[Site "Cappelle la Grande"]
[Date "1987.03.04"]
[Round "4"]
[White "Hresc, Vladimir"]
[Black "Jacobs, Byron A"]
[Result "1/2-1/2"]
[WhiteElo "2375"]
[BlackElo "2335"]
[PlyCount "86"]
[EventDate "1987.03.02"]
[EventType "swiss"]
[EventRounds "9"]
[EventCountry "FRA"]
[SourceTitle "EXT 2004"]
[Source "ChessBase"]
[SourceDate "2003.11.25"]
[SourceVersion "1"]
[SourceVersionDate "2003.11.25"]
[SourceQuality "1"]

1. e4 e5 2. Nf3 Nc6 3. Bb5 a6 4. Ba4 Nf6 5. 0-0 b5 6. Bb3 Bb7 7. Ng5 d5 8. exd5 Nd4 9. Re1 Nxb3 10. Rxe5+ Be7 11. axb3 0-0 12. Re1 Nxd5 13. Nf3 Bd6 14. d4 Qf6 15. Nc3 Nb4 16. Ne4 Qf5 17. Nh4 Qd7 18. c3 Nd5 19. c4 Nb4 20. Nxd6 Qxd6 21. Be3 Qf6 22. Qg4 Nc2 23. Bg5 Bc8 24. Qg3 Qxd4 25. Red1 Qg4 26. Rac1 f6 27. Bxf6 Qxg3 28. hxg3 Rxf6 29. Rxc2 Bg4 30. Rd4 Be6 31. cxb5 axb5 32. Rxc7 g5 33. Nf3 Ra1+ 34. Kh2 Rh6+ 35. Nh4 Ra8 36. Rb7 gxh4 37. gxh4 Rf6 38. f3 Bxb3 39. Rxb5 Bf7 40. h5 Kf8 41. f4 Be8 42. Rb7 Rf7 43. Rxf7+ Bxf7 1/2-1/2